| 000 | 00000nam##2200000za#4500 |
| 001 | 9.593648 |
| 003 | CaOODSP |
| 005 | 20240206145612 |
| 007 | cr ||||||||||| |
| 008 | 150406|2006||||xxc|||||o f|0| 0 fre|d |
| 040 | |aCaOODSP|bfre |
| 043 | |an-cn--- |
| 086 | 1 |aTU3-6/04-1F-PDF |
| 110 | 2 |aBureau de la sécurité des transports du Canada. |
| 245 | 10|aDéraillement en voie principale du train numéro 239-13 exploité par le Chemin de fer Canadien Pacifique au point milliaire 178,20 de la subdivision Belleville à Whitby (Ontario) le 14 janvier 2004 |h[ressource électronique] |
| 260 | |aGatineau - Québec : |bBureau de la sécurité des transports du Canada |c2006. |
| 300 | |a74p.|bfigures en couleur, carte en couleur, glossaire, graphiques, ill., tableaux, photographies |
| 490 | 1 |aRapport d'enquête sur un accident ferroviaire |vR04T0008 |
| 500 | |aLe n° de catalogue et l'ISBN pour l'édition imprimée ont été incorrectement copiés dans cette édition PDF. |
| 590 | |a10-05-Supp|b2010-07-20 |
| 691 | 07|aAccident ferroviaire|2gcpds |
| 775 | 08|tMain-track derailment - Canadian Pacific Railway Train No. 239-13 mile 178.20, Belleville subdivision, Whitby, Ontario, 14 January 2004 |w(CaOODSP)9.561033 |
| 776 | 0#|tDéraillement en voie principale du train numéro 239-13 exploité par le Chemin de fer Canadien Pacifique au point milliaire 178,20 de la subdivision Belleville à Whitby (Ontario) le 14 janvier 2004 |w(CaOODSP)9.627181 |
| 830 | #0|aRapport d'enquête sur un accident ferroviaire ;|vR04T0008|w(CaOODSP)9.501252 |
| 856 | 40|ahttp://publications.gc.ca|qPDF|s1033 Ko|uhttps://publications.gc.ca/collections/Collection/TU3-6-04-1F.pdf|yR04T0008 |